La nueva era de las desigualdades

Збережено в:
Бібліографічні деталі
Автори: Fitoussi, Jean-Paul (Автор), Rosanvallon, Pierre (Автор)
Формат: Книга
Мова:Іспанська
Опубліковано: Buenos Aires Manantial 1997
Редагування:1a. ed
Предмети:
Теги: Додати тег
Немає тегів, Будьте першим, хто поставить тег для цього запису!

MARC

LEADER 00000cam a2200000 a 4500
001 UCO9585
003 CL-VaPUC
008 010302e19970000AG |||||||||||||||||spa|d
020 |a 9875000078 
082 0 4 |a 305  |b FIT  |2 21 
100 0 |a Fitoussi, Jean-Paul  |e author  |9 454875 
700 0 |a Rosanvallon, Pierre  |e author  |9 454876 
245 1 3 |a La nueva era de las desigualdades 
250 |a 1a. ed 
300 |a 238 p 
942 |c BK 
945 |d 20010302 00:00:00  |a cmena 
260 |a Buenos Aires  |b Manantial  |c 1997 
650 0 |a Desigualdad social  |9 349409 
650 0 |a Cambio social   |9 256857 
650 0 |a Globalización  |9 361930 
650 0 |a Aspectos políticos   |9 257400 
650 0 |a Democracia  |9 255256 
650 0 |a Contrato social  |9 308917 
583 |a last modification  |c 20121107 11:53:41  |k Rodrigo Vera 
999 |c 293786  |d 293784 
952 |0 0  |1 0  |4 0  |6 305_000000000000000_FIT_1997  |7 0  |8 A  |9 345507  |a BIBGIM  |b BIBGIM  |d 2019-11-20  |i 3677338  |o 305 FIT 1997  |p 3677338  |r 2025-01-15  |w 2019-11-20  |y BK  |k SSL 
952 |0 0  |1 0  |4 0  |6 305_000000000000000_FIT_1997  |7 0  |8 A  |9 345508  |a BIBGIM  |b BIBGIM  |d 2019-11-20  |i 3787141  |o 305 FIT 1997  |p 3787141  |r 2025-01-15  |w 2019-11-20  |y BK  |k GIM 
952 |0 0  |1 0  |4 0  |6 305_000000000000000_FIT_1997  |7 0  |8 A  |9 345509  |a BIBGIM  |b BIBGIM  |d 2019-11-20  |i 4923006  |o 305 FIT 1997  |p 4923006  |r 2025-01-15  |w 2019-11-20  |y BK  |k SSL